| 000 | 01307nam0a2200337 4500 | ||
|---|---|---|---|
| 001 | RU\NLR\BIBL_A\022626763 | ||
| 005 | 20260123133933.0 | ||
| 010 |
_a978-5-00258-586-1 _9100 |
||
| 021 |
_aRU _bКН-П-25-046107 _9КН-П-25-4475 |
||
| 035 | _a(NLR Aleph) 022626763 | ||
| 090 |
_a13535411 _c13535411 |
||
| 100 | _a20250922d2025 m y0rusy50 ca | ||
| 101 | 0 | _arus | |
| 102 | _aRU | ||
| 105 | _aach z 000yy | ||
| 181 | 0 |
_ai3 _baxxe |
|
| 182 | 0 | _an | |
| 200 | 1 |
_aНаписано пером _eавтографы на книгах домашней библиотеки _fН. И. Бабурина |
|
| 203 |
_aТекст _bвизуальный _cнепосредственный |
||
| 210 |
_aМосква _cПеро _d2025 |
||
| 215 |
_a139 с. _cил., цв. ил., факс., портр. _d21 |
||
| 333 | _a16+ | ||
| 600 | 1 |
_aБабурина _bН. И. _f1930 _gНина Ивановна _xБиблиотека _92691855 _3RU\NLR\AUTH\6601764469 |
|
| 606 | 1 |
_aАвтографы _xСобрания отдельных лиц _yМосква, город _92354549 _3RU\NLR\AUTH\6601629193 |
|
| 686 | 1 | _aЯ439(2-2М) | |
| 686 | 1 | _aЧ734(2)729.8 | |
| 700 | 1 |
_aБабурина _bН.И. _f1930- _gНина Ивановна |
|
| 942 | _cBOOK | ||
| 980 | _aNB | ||